000 03840nab a2200301 i 4500
003 BR-BrBNA
005 20250523111807.0
008 250523b2017 bl.qr|pooa||| 00| 0 por |
040 _aBR-BrBNA
_bpor
072 _aF70
100 _aCarrijo, Tatiana T.
100 _aTuler, Amélia C.
100 _aLuber, Jaquelini
100 _aCosta, Rondinelle G. da
100 _aSantos, Matheus C. dos
100 _aPaschoa, Roberta P. da
100 _aFreitas, Maria de Fátima
245 _aFlora do Espírito Santo: Primulaceae
500 _aPublicação on-line; Bibliography p. 1855-1856 (54 ref.); 7 illus.; Summaries (En, Pt)
520 _a Resumo Este estudo apresenta a flora de Primulaceae no estado do Espírito Santo. O estudo foi baseado em identificações de materiais de herbários e esforço de campo em áreas pobremente coletadas. Primulaceae no Espírito Santo está representada por espécies pertencentes à Ardisia (1 sp.), Clavija (2 spp.), Cybianthus (10 spp.), Jacquinia (1 sp.), Lysimachia L. (1 sp.), Myrsine (14 spp.) e Stylogyne (2 spp.). Ardisia semicrenata, Cybianthus blanchetii, C. oboavatus, Myrsine balansae, M. leuconeura, M. hermogenesii, M. lineata, M. villosissima, Stylogyne lhotzkyana e S. warmingii são novos registros para o estado. Gêneros e espécies foram diferenciados pelo hábito, filotaxia, tipo de inflorescências e morfologia frutos. Cybianthus amplus, Jacquinia armillaris e Myrsine parvifolia ocorrem exclusivamente em vegetação de Restinga. Stylogyne lhotzkyana foi registrada pela primeira vez em vegetação de Restinga, sendo sua distribuição geográfica ampliada para o norte do Espírito Santo. A maior parte das espécies ocorre em florestas ombrófilas e semideciduais da região serrana do estado. No entanto, as matas ciliares, os brejos e os afloramentos rochosos abrigam espécies restritas a estes ambientes, como M. leuconeura, M. rubra e M. villosissima. Palavras-chave: Floresta Atlântica, Myrsinaceae, Rapanea, riqueza. Abstract This study presents the flora of Primulaceae in the state of Espírito Santo. The study was based on material identification from herbaria collections and field work in poorly collected areas. Primulaceae in Espírito Santo is represented by species belonging to Ardisia (1 sp.), Clavija (2 spp.), Cybianthus (10 spp.), Jacquinia (1 sp.), Lysimachia L. (1 sp.), Myrsine (14 spp.), and Stylogyne (2 spp.). Ardisia semicrenata, Cybianthus blanchetii, C. oboavatus, Myrsine balansae, M. leuconeura, Myrsine hermogenesii, M. lineata, M. villosissima, Stylogyne lhotskyana, and S. warmingii are new records for the state. Genus and species were differentiated by habit, phyllotaxy, type of inflorescences and fruit morphology. Cybianthus amplus, Jacquinia armillaris, and Myrsine parvifolia are the only species that occur exclusively in Restinga vegetation. Stylogyne lhotzkyana was collected in Restinga vegetation for the first time, and its geographic distribution was expanded to the north of the Espírito Santo. Most species occur in rainforests and semideciduous forests of the mountainous region of the state. However, riparian forests, swamps and rocky outcrops shelter species that were recorded exclusively for these environments, as M. leuconeura, M. rubra,and M. villosissima. Key words: Atlantic Forest, Myrsinaceae, Rapanea, richness.
650 _aFLORESTA ATLÂNTICA
650 _aPRIMULACEAE
650 _aTAXONOMIA
773 0 _0709
_9350577
_dRio de Janeiro-RJ Jardim Botanico do Rio de Janeiro 1935
_o2025-3195
_tRodriguésia (Brazil)
_x0370-6583; 2175-7860 on-line
_gv. 68(5) p. 1829-1856; (2017)
_wBR2025001240
856 _uhttps://www.scielo.br/j/rod/a/M7B9h3tWJjZW5rTnbyHWGyd/?format=pdf&lang=pt
942 _cANA
999 _c331681
_d331681